Zamek książęcy w Koźlu

Titel: Zamek książęcy w Koźlu
Verfasser:
In: Szkice ke̜dzierzyńsko-kozielskie, Band 10 (2005), Seite 17-31, fot. 6
alle Artikel anzeigen
Veröffentlicht: 2005
Format: Aufsatz
Sprache: Polnisch
Kein Bild verfügbar
X
alg: 39450691
001A    $01999:12-11-16 
001B    $01999:30-05-21 $t22:09:32.000 
001C    $06050:19-11-16 $t09:34:12.000 
001D    $01999:12-11-16 
001U    $0utf8 
001X    $00 
002@    $0Aox 
003@    $039450691X 
007A    $039450691X $aHEB 
007T    $0Herdww029387 
010@    $apol 
011@    $a2005 
021A    $aZamek książęcy w Koźlu 
027A    $aDas Herzogsschloß in Cosel 
028A    $aRomanow $dJerzy 
031A    $d10 $h17-31, fot. 6 $j2005 
039B    $aIn $8--Abvc--. Szkice ke̜dzierzyńsko-kozielskie. - Kędzierzyn-Koźle : Towarzystwo Ziemi Kozielskiej, 1985-. - ISSN 0860-1062 $x200500000100000983 $9048584932 
045F    $a307.094385 $eDDC23BSB 
045F/01 $a307.09 
045F/03 $g4385 
045T    $a-OST $qDE-12 $2FID 
045T    $a7,41 
046C    $aDas Herzogsschloß in Cosel $bÜbers. des Hauptsacht. 

lok: 39450691 78

exp: 39450691 78 1 #EPN
201B/01 $018-11-16 $t11:49:45.000 
201U/01 $0utf8 
203@/01 $0790617331 
208@/01 $a12-11-16 $be 
209A/01 $a/ $f000 $x00 
220C/01 $aTitelaufnehmer: EV 
220C/01 $aHerkunft: IH UWr 
244Z/01 $2Trx $#Silesia $#Śląsk $#Sliezsko $#Slezsko $8--Trx--Schlesien $x01 $9391173987 
244Z/01 $2Trx $#Cosel Oppeln $8--Trx--Koźle$gOpole $x02 $9391195255 
244Z/01 $aGeschichte 1104-2004 $x03 
244Z/01 $2Trx $#lossid ja paleed $#pilys ir rūmai $#Castles and palaces $#kastélyok és paloták $#zamki i pałace $#zámky a paláce $#zámky a paláce $#Paläste $#Architektur Schlösser $#pałace $#paláce $#paláce $8--Trx--Schlösser und Paläste $x04 $9391360531 
244Z/01 $2Trx $#arhitektuur üldine $#architektūra bendras $#architecture general $#épitészet általános $#architektura ogólnie $#architektúra všeobecne $#architektura všeobecně $8--Trx--Architektur$gallgemein $x05 $9391356496 
244Z/01 $2Trx $#arheoloogia keskaeg $#viduramžių archeologija $#archaeology Middle Ages $#régészet középkor $#archeologia średniowieczna $#archeológia stredoveká $#archeologie středověká $#Mittelalterliche Archäologie $8--Trx--Archäologie$gMittelalter $x06 $9391375288 
244Z/01 $2Trx $#arheoloogia uusaeg $#archeologija naujųjų laikų $#archaeology modern age $#régészet újkor $#archeologia nowożytna $#archeológia novoveká $#archeologie novověká $8--Trx--Archäologie$gNeuzeit $x07 $9391373811 
244Z/01 $2Trx $8--Trx--Zeitschriftenaufsatz $x08 $9391384341 
245Z/01 $a13.03 $x01 
245Z/01 $a11.11 $x02 
247C/01 $82080>Marburg/Lahn, Herder-Institut, Forschungsbibliothek, Bibliographieportal $9336309341
LEADER 00000caa a22000002c 4500
001 39450691X
003 DE-603
005 20210530220932.0
007 tu
008 161112s2005 xx |||| | u00||u|pol c
035 |a (DE-599)HEB39450691X 
040 |a DE-603  |b ger  |c DE-603  |d DE-603 
041 |a pol 
082 0 4 |8 1\u  |a 307.094385  |q DE-101  |2 23/BSB 
084 |a -OST  |q DE-12  |2 fid 
084 |a 7,41  |2 ssgn 
085 |8 1\u  |b 307.09 
085 |8 1\u  |z 2  |s 4385 
100 1 |a Romanow, Jerzy 
245 0 0 |a Zamek książęcy w Koźlu 
246 1 |i Übers. des Hauptsacht.  |a Das Herzogsschloß in Cosel 
246 1 3 |a Das Herzogsschloß in Cosel 
264 0 |c 2005 
773 0 8 |i In  |t Szkice ke̜dzierzyńsko-kozielskie  |d Kędzierzyn-Koźle : Towarzystwo Ziemi Kozielskiej, 1985-  |x 0860-1062  |g Band 10 (2005), Seite 17-31, fot. 6  |w (DE-603)048584932  |w (DE-600)1080389-0 
924 0 |9 2080  |a (DE-603)790617331  |b DE-2080  |c HES  |d d  |g /